000 00448nam a2200181Ia 4500
001 22370
005 20260414150827.0
008 260414t2007||||xx |||||||||||||| ||spa||
041 _aESP
082 _a621.38
_bC247F
100 _aHucaby, David
_eAUT
245 0 _aCCNP BCMSN :
_bofficial exam certification guide
260 _c2007
300 _axxxiv, 631 páginas :
_c24 cm.
650 _aTCA
654 _aCET
942 _cLIB
_dJUS
_fJUS
_2ddc
_n
999 _c22370
_d22370